El trabajo social desde una mirada histórica centrada en la intervención: del orden de los cuerpos al estallido de la sociedad
Guardat en:
| Autor principal: | |
|---|---|
| Format: | Llibre |
| Idioma: | espanyol |
| Publicat: |
Buenos Aires
Espacio
2006
|
| Edició: | 1a. ed |
| Col·lecció: | Ciencias Sociales
|
| Matèries: | |
| Etiquetes: |
Afegir etiqueta
Sense etiquetes, Sigues el primer a etiquetar aquest registre!
|
MARC
| LEADER | 00000nam a2200000 a 4500 | ||
|---|---|---|---|
| 001 | UCJ0876 | ||
| 003 | CL-VaPUC | ||
| 008 | 060908e20060000AG |||||||||||||||||spa|d | ||
| 020 | |a 9508022256 | ||
| 082 | 0 | 4 | |a 361.3 |b CAR |2 21 |
| 100 | 0 | |a Carballeda, Alfredo Juan Manuel |e author |9 501299 | |
| 245 | 1 | 3 | |a El trabajo social desde una mirada histórica centrada en la intervención: del orden de los cuerpos al estallido de la sociedad |
| 250 | |a 1a. ed | ||
| 300 | |a 159 p | ||
| 942 | |c BK | ||
| 945 | |d 20060908 00:00:00 |a jtorresc | ||
| 260 | |a Buenos Aires |b Espacio |c 2006 | ||
| 500 | |a www.espacioeditorial.com.ar | ||
| 650 | 0 | |a Trabajo social |9 307856 | |
| 583 | |a last modification |c 20140409 03:16:33 |k Rodrigo Vera | ||
| 490 | 0 | |a Ciencias Sociales | |
| 999 | |c 317628 |d 317626 | ||
| 952 | |0 0 |1 0 |4 0 |6 361_300000000000000_CAR_2006 |7 0 |8 A |9 394223 |a BIBGIM |b BIBGIM |d 2019-11-22 |i 4266870 |o 361.3 CAR 2006 |p 4266870 |r 2025-01-15 |w 2019-11-22 |y BK |k SSL | ||
| 952 | |0 0 |1 0 |4 0 |6 361_300000000000000_CAR_2006 |7 0 |8 A |9 394224 |a BIBGIM |b BIBGIM |d 2019-11-22 |i 4778324 |l 2 |m 2 |o 361.3 CAR 2006 |p 4778324 |r 2025-05-05 |s 2025-03-31 |w 2019-11-22 |y BK |k SSL | ||
| 952 | |0 0 |1 0 |4 0 |6 361_300000000000000_CAR_2006 |7 0 |8 A |9 394225 |a BIBGIM |b BIBGIM |d 2019-11-22 |i 4778332 |l 2 |o 361.3 CAR 2006 |p 4778332 |r 2025-01-15 |s 2022-08-19 |w 2019-11-22 |y BK |k SSL | ||